The Creation of Reality in Psychoanalysis : (Record no. 587027)

MARC details
000 -LEADER
fixed length control field 00507nam a2200193 a 4500
008 - FIXED-LENGTH DATA ELEMENTS--GENERAL INFORMATION
fixed length control field 250914s1999##################000#0#eng##
020 ## - INTERNATIONAL STANDARD BOOK NUMBER
ISBN 9780881633030
082 04 - DEWEY DECIMAL CLASSIFICATION NUMBER
Classification number 150.195
Item number MOO
100 1# - MAIN ENTRY--AUTHOR NAME
Personal name Moore, Richard,
245 10 - TITLE STATEMENT
Title The Creation of Reality in Psychoanalysis :
260 ## - PUBLICATION, DISTRIBUTION, ETC. (IMPRINT)
Name of publisher Routledge,
Year of publication 1999.
300 ## - PHYSICAL DESCRIPTION
Number of Pages 190 pages
650 #0 - SUBJECT ADDED ENTRY--TOPICAL TERM
Topical Term Psychology.
942 ## - ADDED ENTRY ELEMENTS (KOHA)
Koha item type English Books
Holdings
Withdrawn status Lost status Damaged status Not for loan Home library Current library Shelving location Date acquired Full call number Accession Number Price effective from Koha item type
        Anna Centenary Library Anna Centenary Library 3RD FLOOR, A WING 15.09.2025 150.195 MOO 143914 15.09.2025 English Books

Find us on the map